IUS y derecho (Record no. 69680)

MARC details
000 -LEADER
campo de control de longitud fija 00820nam a2200205 i 4500
001 - NÚMERO DE CONTROL
campo de control 69680
003 - IDENTIFICADOR DE NÚMERO DE CONTROL
campo de control ES-MaACL
005 - FECHA Y HORA DE LA ÚLTIMA TRANSACCIÓN
campo de control 20260127062530.0
007 - CAMPO FIJO DE DESCRIPCIÓN FÍSICA--INFORMACIÓN GENERAL
campo de control de longitud fija t|
008 - DATOS DE LONGITUD FIJA--INFORMACIÓN GENERAL
campo de control de longitud fija 040709s1961 sp ||||1| spa d
100 1# - ENTRADA PRINCIPAL--NOMBRE DE PERSONA
Nombre de persona García-Gallo, Alfonso,
Fechas asociadas al nombre 1911-1992
9 (RLIN) 54644
245 10 - MENCIÓN DEL TÍTULO
Título IUS y derecho
Resto del título : discurso leído el día 6 de febrero de 1961 en su recepción pública /
Mención de responsabilidad, etc. por Alfonso García-Gallo y contestación de Rafael Núñez Lagos.
260 ## - PUBLICACIÓN, DISTRIBUCIÓN, ETC.
Lugar de publicación, distribución, etc. Madrid :
Nombre del editor, distribuidor, etc. [s.n.,
Fecha de publicación, distribución, etc. 1961] (
Fabricante A.G.E.S.A.)
300 ## - DESCRIPCIÓN FÍSICA
Extensión 75 p. ;
Dimensiones 25 cm.
500 ## - NOTA GENERAL
Nota general Precede al tít.: Real Academia de Jurisprudencia y Legislación.
700 1# - ENTRADA AGREGADA--NOMBRE PERSONAL
Nombre de persona Núñez Lagos, Rafael,
Fechas asociadas al nombre 1902-1991
9 (RLIN) 86209
700 ## - ENTRADA AGREGADA--NOMBRE PERSONAL
Nombre de persona Real Academia de Jurisprudencia y Legislación de España
9 (RLIN) 217612
852 ## - LOCALIZACIÓN
Ubicación ES-MaACL
Número de control de estantería C-21861
Sublocalización o colección R.47372
Holdings
Estatus retirado Estado de pérdida Estado de daño No para préstamo Biblioteca de origen Biblioteca actual Ubicación en estantería Fecha de adquisición Fuente de adquisición Total de préstamos Signatura topográfica completa Código de barras Visto por última vez Precio de reemplazo Tipo de ítem Koha
        Biblioteca del Ateneo de Madrid Biblioteca del Ateneo de Madrid Galería 17/01/2008     C-21861 1072963 23/02/2023 23/02/2023 Libro impreso